Irwin Law Bankruptcy and Insolvency Law (First Edition) /

Detalles Bibliográficos
Autor principal: J. Wood, Roderick
Formato: eBook
Lenguaje:inglés
Publicado: Toronto: Irwin Law Inc., 2009
Edición:First Edition
Materias:
Acceso en línea:Acceso restringido

MARC

LEADER 00000nam a22000007a 4500
005 20171102170550.0
007 cr|||| ||||
008 171102s2009 xxc|||||s|||| 00||0 eng d
020 |a 978-1-55221-156-4 
035 |a 20644 
040 |a vLex 
090 |c 7186  |d 7186 
100 1 |a J. Wood, Roderick 
245 1 0 |a Irwin Law  |h [Recurso electrn̤ico] :  |b Bankruptcy and Insolvency Law (First Edition) /  |c Roderick J. Wood - Faculty of Law. University of Alberta  
250 |a First Edition 
256 |a Servicio en ln̕ea 
260 |a Toronto:  |b Irwin Law Inc.,  |c 2009  
300 |a 1 recurso electrn̤ico 
506 1 |a Disponible solo en los productos indicados  |d vLex Global  |d vLex Global (Academic Edition, excluding Law Schools)  |d vLex Global (U.S. Academic Edition, Law Schools)  |d vLex Global (U.S. Academic Edition, excluding Law Schools)  |d vLex Global (Academic Edition, Law Schools) 
650 0 4 |a Derecho Mercantil y de la Empresa  |z Canad̀ 
740 0 |a vLex Libros (Servicio en ln̕ea) 
856 4 0 |u http://vlex.com/source/bankruptcy-insolvency-law-20644  |z Acceso restringido 
942 |c BOOK 
999 |a Commercial law